000 00467nam a2200193Ia 4500
003 OSt
005 20250930151414.0
008 250729s2005 xx 000 0 und d
020 _a978-8171697281
040 _cAL
041 _aeng
082 _a375 VASS
100 _aVashist R P
_9222884
245 _aSecondary school curriculum
260 _aNew Delhi
_bCommonwealth Publishers
_c2005
300 _a272p
650 _aEducation
_9222885
942 _2ddc
_cBED
999 _c235653
_d235653